<?xml version="1.0" encoding="UTF-8"?>
<record
    xmlns:xsi="http://www.w3.org/2001/XMLSchema-instance"
    xsi:schemaLocation="http://www.loc.gov/MARC21/slim http://www.loc.gov/standards/marcxml/schema/MARC21slim.xsd"
    xmlns="http://www.loc.gov/MARC21/slim">

  <leader>01226nam a22002897a 4500</leader>
  <controlfield tag="001">000708</controlfield>
  <controlfield tag="003">DO-SdBNP</controlfield>
  <controlfield tag="005">20180214122733.0</controlfield>
  <controlfield tag="007">000708</controlfield>
  <controlfield tag="008">161116b    2010   uy a   ||||| |||| 00| 0 spa d</controlfield>
  <datafield tag="020" ind1=" " ind2=" ">
    <subfield code="a"> 9789974680753 </subfield>
  </datafield>
  <datafield tag="040" ind1=" " ind2=" ">
    <subfield code="a">BPMSU</subfield>
    <subfield code="b">spa</subfield>
    <subfield code="c">BPMSU</subfield>
  </datafield>
  <datafield tag="082" ind1=" " ind2=" ">
    <subfield code="a">372.4    </subfield>
    <subfield code="b">G618d</subfield>
  </datafield>
  <datafield tag="100" ind1="1" ind2=" ">
    <subfield code="a">Goldberg, Mirta</subfield>
  </datafield>
  <datafield tag="245" ind1="0" ind2="0">
    <subfield code="a">A descubrir y conocer la magia de las letras : </subfield>
    <subfield code="b">iniaci&#xF3;n al desarrollo de la lectoescritura /</subfield>
    <subfield code="c">Mirta Goldberg ; ilustraciones especiales  Diego Rodr&#xED;guez,  Hern&#xE1;n Gallardo.</subfield>
  </datafield>
  <datafield tag="260" ind1="0" ind2=" ">
    <subfield code="a">Montevideo, Rep. Oriental del Uruguay : </subfield>
    <subfield code="b"> Arquetipo Grupo Editorial, </subfield>
    <subfield code="b">Lexus,</subfield>
    <subfield code="c">2010.</subfield>
  </datafield>
  <datafield tag="300" ind1=" " ind2=" ">
    <subfield code="a">264 p. : </subfield>
    <subfield code="b">il. ; </subfield>
    <subfield code="c">27 cm. </subfield>
  </datafield>
  <datafield tag="505" ind1="0" ind2=" ">
    <subfield code="t">&#xA1;Ahora nos leen! p&#xE1;ginas para que nos lean --</subfield>
    <subfield code="t">&#xA1;A leer solitos! p&#xE1;ginas para leer solos --</subfield>
    <subfield code="t">&#xA1;A jugar! p&#xE1;ginas para jugar --</subfield>
    <subfield code="t">&#xA1;Recetas de cocina! p&#xE1;ginas para saborear --</subfield>
    <subfield code="t">&#xA1;Manualidades! p&#xE1;ginas para crear.</subfield>
  </datafield>
  <datafield tag="650" ind1=" " ind2="4">
    <subfield code="a">COMPRENSI&#xD3;N DE LECTURA</subfield>
  </datafield>
  <datafield tag="650" ind1=" " ind2="4">
    <subfield code="a">LITERATURA INFANTIL</subfield>
  </datafield>
  <datafield tag="700" ind1="1" ind2="2">
    <subfield code="a">Rodr&#xED;guez, Diego,</subfield>
    <subfield code="e">il. </subfield>
  </datafield>
  <datafield tag="700" ind1="1" ind2="2">
    <subfield code="a">Gallardo, Hern&#xE1;n,</subfield>
    <subfield code="e">il. </subfield>
  </datafield>
  <datafield tag="910" ind1=" " ind2=" ">
    <subfield code="a">Validado. Control de calidad MFF</subfield>
  </datafield>
  <datafield tag="942" ind1=" " ind2=" ">
    <subfield code="2">ddc</subfield>
    <subfield code="c">BK</subfield>
  </datafield>
  <datafield tag="945" ind1=" " ind2=" ">
    <subfield code="a">Inventariado, 2018/MFF</subfield>
  </datafield>
  <datafield tag="952" ind1=" " ind2=" ">
    <subfield code="0">0</subfield>
    <subfield code="1">0</subfield>
    <subfield code="2">ddc</subfield>
    <subfield code="4">0</subfield>
    <subfield code="7">0</subfield>
    <subfield code="8">CI-G</subfield>
    <subfield code="a">BPMET</subfield>
    <subfield code="b">BPMET</subfield>
    <subfield code="d">2016-11-16</subfield>
    <subfield code="l">0</subfield>
    <subfield code="o">372.4   G618d</subfield>
    <subfield code="p">BPMSU16111374</subfield>
    <subfield code="r">2016-11-16</subfield>
    <subfield code="y">BK</subfield>
  </datafield>
  <datafield tag="952" ind1=" " ind2=" ">
    <subfield code="0">0</subfield>
    <subfield code="1">0</subfield>
    <subfield code="2">ddc</subfield>
    <subfield code="4">0</subfield>
    <subfield code="7">0</subfield>
    <subfield code="8">CI-G</subfield>
    <subfield code="a">BPMET</subfield>
    <subfield code="b">BPMET</subfield>
    <subfield code="d">2016-11-16</subfield>
    <subfield code="l">0</subfield>
    <subfield code="o">372.4   G618d</subfield>
    <subfield code="p">BPMSU16111375</subfield>
    <subfield code="r">2016-11-16</subfield>
    <subfield code="t">e. 2</subfield>
    <subfield code="y">BK</subfield>
  </datafield>
  <datafield tag="956" ind1=" " ind2=" ">
    <subfield code="2">LOPEREZ</subfield>
    <subfield code="3">10</subfield>
    <subfield code="6">20161116</subfield>
    <subfield code="8">BPMSU</subfield>
    <subfield code="a">00041</subfield>
  </datafield>
  <datafield tag="999" ind1=" " ind2=" ">
    <subfield code="c">11974</subfield>
    <subfield code="d">11974</subfield>
  </datafield>
</record>
